Research and education for regional and area develpment (Record no. 409378)

000 -LEADER
fixed length control field 00427cam a22001337a 4500
008 - FIXED-LENGTH DATA ELEMENTS--GENERAL INFORMATION
fixed length control field 180718b1966 xxu||||| |||| 00| 0 eng d
082 ## - DEWEY DECIMAL CLASSIFICATION NUMBER
Classification number J4084x73 I0gre
100 ## - MAIN ENTRY--PERSONAL NAME
Personal name Iowa state university center
245 ## - TITLE STATEMENT
Title Research and education for regional and area develpment
Statement of responsibility, etc. by Iowa state university center
260 ## - PUBLICATION, DISTRIBUTION, ETC.
Place of publication, distribution, etc. Ames
Name of publisher, distributor, etc. Iowa state
Date of publication, distribution, etc. 1966
300 ## - PHYSICAL DESCRIPTION
Extent viii,287p
650 ## - SUBJECT ADDED ENTRY--TOPICAL TERM
Topical term or geographic name entry element Economic development.
650 ## - SUBJECT ADDED ENTRY--TOPICAL TERM
Topical term or geographic name entry element Regional planning
Holdings
Withdrawn status Lost status Damaged status Not for loan Permanent Location Current Location Date acquired Full call number Barcode Date last seen Price effective from Koha item type
        Indian Institute of Public Administration Indian Institute of Public Administration 2009-01-05 J4084x73 I0gre DA441 2018-07-21 2018-07-21 DA

Powered by Koha